[Event "Madrid ch  2012-13 - Semifinal A"]
[Site "Madrid ESP"]
[Date "2013.03.20"]
[Round "7.10"]
[White "Gonzalez Mateos, Rafael"]
[Black "Rosa Ramirez, Victor D"]
[Result "1-0"]
[WhiteElo "2110"]
[BlackElo "1945"]
[PlyCount "87"]
[EventDate "2013.03.11"]
[EventType "swiss"]
[EventRounds "9"]
[EventCountry "ESP"]
[Source "lmi"]
[SourceDate "2013.03.11"]

1. d4 Nf6 2. c3 d5 3. Bg5 Bf5 4. Qb3 Nbd7 5. Nf3 e6 6. Ne5 Be7 7. Qxb7 O-O 8.
Nc6 Qe8 9. Qxc7 Bd8 10. Nxd8 Rxd8 11. Nd2 h6 12. Bh4 g5 13. Bg3 Rc8 14. Qxa7 e5
15. dxe5 Nxe5 16. Bxe5 Qxe5 17. e3 Rb8 18. Nb3 Rfe8 19. Be2 Qe4 20. O-O Qc2 21.
Nd4 Qxb2 22. Nxf5 Ne4 23. Bh5 Rb7 24. Qd4 Qxc3 25. Nxh6+ Kh7 26. Qxc3 Nxc3 27.
Nxf7 Ra8 28. g4 Ne4 29. f3 Nf6 30. Nxg5+ Kg8 31. Bf7+ Kg7 32. Be6 Ra3 33. Bf5
Rxe3 34. a4 d4 35. Ne6+ Kh6 36. g5+ Kh5 37. gxf6 d3 38. Rad1 Re5 39. Ng7+ Kh4
40. Rf2 d2 41. Rdxd2 Rxf5 42. Nxf5+ Kh3 43. Ng3 Rb4 44. Rd8 1-0

[Event "Madrid ch  2012-13 - Semifinal A"]
[Site "Madrid ESP"]
[Date "2013.03.20"]
[Round "7.11"]
[White "Perez Cameselle, Francisco Jose"]
[Black "Alvarez Abejon, Amilcar"]
[Result "1/2-1/2"]
[WhiteElo "1875"]
[BlackElo "2095"]
[PlyCount "98"]
[EventDate "2013.03.11"]
[EventType "swiss"]
[EventRounds "9"]
[EventCountry "ESP"]
[Source "lmi"]
[SourceDate "2013.03.11"]

1. Nf3 c5 2. g3 g6 3. Bg2 Bg7 4. O-O Nc6 5. d3 e5 6. c4 Nge7 7. Nc3 O-O 8. a3
a5 9. e4 d6 10. Nh4 f5 11. f4 Nd4 12. exf5 Nexf5 13. Nxf5 Nxf5 14. fxe5 Bxe5
15. Nd5 Rb8 16. Rb1 b5 17. b4 axb4 18. axb4 bxc4 19. dxc4 cxb4 20. Nxb4 Qb6+
21. Kh1 Qc5 22. Nd3 Qc7 23. Rxb8 Qxb8 24. Nxe5 dxe5 25. Qd5+ Kg7 26. Qc5 Bb7
27. Re1 Bxg2+ 28. Kxg2 Rc8 29. Qxe5+ Qxe5 30. Rxe5 Rxc4 31. Be3 Rc2+ 32. Bf2 h5
33. Kf1 Kf6 34. Rc5 Rxc5 35. Bxc5 g5 36. Kf2 g4 37. Kg2 Ke5 38. h3 Ke4 39. hxg4
hxg4 40. Ba7 Kd3 41. Kf2 Nd6 42. Bb8 Ne4+ 43. Kg2 Ke2 44. Bc7 Ng5 45. Bb8 Nf3
46. Bc7 Ne1+ 47. Kg1 Kf3 48. Bb8 Ng2 49. Bc7 Ne1 1/2-1/2

[Event "Madrid ch  2012-13 - Semifinal A"]
[Site "Madrid ESP"]
[Date "2013.03.20"]
[Round "7.13"]
[White "Lorenzo Bailador, Alfredo"]
[Black "Fuentes Arjona, Antonio"]
[Result "1-0"]
[WhiteElo "2016"]
[BlackElo "2013"]
[PlyCount "85"]
[EventDate "2013.03.11"]
[EventType "swiss"]
[EventRounds "9"]
[EventCountry "ESP"]
[Source "lmi"]
[SourceDate "2013.03.11"]

1. e4 c5 2. c3 e6 3. d4 d5 4. exd5 Qxd5 5. Nf3 Nc6 6. Na3 cxd4 7. Nb5 Bd6 8.
Bc4 Qe4+ 9. Be3 Bb8 10. Nbxd4 Nf6 11. O-O O-O 12. Re1 Ne5 13. Nxe5 Qxe5 14. Nf3
Qc7 15. Qd4 Bd7 16. Qh4 e5 17. Bg5 Ng4 18. Bd3 f5 19. h3 Nxf2 20. Bc4+ Kh8 21.
Nxe5 Nxh3+ 22. gxh3 Qc5+ 23. Qd4 Qxd4+ 24. cxd4 Bxe5 25. Rxe5 f4 26. Be6 Bxe6
27. Rxe6 h6 28. Bh4 Rac8 29. Re2 f3 30. Rd2 Rc4 31. Bg3 g5 32. Re1 Rf7 33. Kf2
h5 34. Re5 h4 35. Bh2 Rc1 36. Re1 Rc4 37. Re3 Rc1 38. Rxf3 Rf1+ 39. Kxf1 Rxf3+
40. Kg2 Re3 41. d5 Re7 42. d6 Rd7 43. Kf2 1-0

[Event "Madrid ch  2012-13 - Semifinal A"]
[Site "Madrid ESP"]
[Date "2013.03.20"]
[Round "7.14"]
[White "Baeza Escudero, Javier"]
[Black "Morera Rodriguez, Ignacio"]
[Result "0-1"]
[WhiteElo "2015"]
[BlackElo "1866"]
[PlyCount "88"]
[EventDate "2013.03.11"]
[EventType "swiss"]
[EventRounds "9"]
[EventCountry "ESP"]
[Source "lmi"]
[SourceDate "2013.03.11"]

1. d4 Nf6 2. c4 g6 3. Nf3 Bg7 4. g3 d5 5. cxd5 Nxd5 6. Bg2 O-O 7. O-O Nc6 8. e4
Nb6 9. d5 Na5 10. Na3 c6 11. Bd2 Nac4 12. Nxc4 Nxc4 13. Bc3 cxd5 14. Bxg7 Kxg7
15. exd5 Nd6 16. h4 Qb6 17. Qe2 Bg4 18. Qe5+ Kg8 19. Nh2 Bd7 20. Qxe7 Bb5 21.
Ng4 Nf5 22. Nf6+ Kg7 23. Nh5+ gxh5 24. Qe4 Bxf1 25. Bxf1 Nxg3 26. Qe5+ Qf6 27.
Qxg3+ Qg6 28. Bd3 Qxg3+ 29. fxg3 Rad8 30. Bc4 a6 31. Rf1 b5 32. Bb3 f5 33. Rf4
Rd6 34. Kf2 Kf6 35. Ke3 Re8+ 36. Kd2 Rg8 37. Rf3 Rg4 38. Kc3 a5 39. a3 Rd8 40.
Re3 Re4 41. Rd3 Ke5 42. Kd2 Rd4 43. Ke3 Rxd3+ 44. Kxd3 Rg8 0-1

[Event "Madrid ch  2012-13 - Semifinal A"]
[Site "Madrid ESP"]
[Date "2013.03.20"]
[Round "7.15"]
[White "Cano Mercado, Francisco Manuel"]
[Black "Martin-Consuegra Barrilero, Francisco Javier"]
[Result "1-0"]
[WhiteElo "1870"]
[BlackElo "1886"]
[PlyCount "65"]
[EventDate "2013.03.11"]
[EventType "swiss"]
[EventRounds "9"]
[EventCountry "ESP"]
[Source "lmi"]
[SourceDate "2013.03.11"]

1. d4 d6 2. c4 e5 3. g3 c6 4. Bg2 Nd7 5. Nc3 Ngf6 6. e4 Be7 7. Nge2 O-O 8. O-O
a6 9. h3 Qc7 10. Be3 Re8 11. Qd2 Bf8 12. Rad1 b5 13. b3 Bb7 14. d5 cxd5 15.
Nxd5 Bxd5 16. cxd5 Qb7 17. g4 Rec8 18. Ng3 g6 19. f4 Bg7 20. f5 Ne8 21. Rf2 f6
22. h4 Nc5 23. Rdf1 Qd7 24. g5 Rc7 25. h5 fxg5 26. Bxg5 Nf6 27. Bxf6 Bxf6 28.
fxg6 Bh4 29. Rf7 Qg4 30. Qh6 Rxf7 31. Rxf7 Qd1+ 32. Nf1 Qd4+ 33. Kh1 1-0

[Event "Madrid ch  2012-13 - Semifinal A"]
[Site "Madrid ESP"]
[Date "2013.04.02"]
[Round "8.2"]
[White "Arauz Alonso, Fernando"]
[Black "Lopez De Turiso, Jose Angel"]
[Result "1/2-1/2"]
[WhiteElo "2084"]
[BlackElo "2066"]
[PlyCount "40"]
[EventDate "2013.03.11"]
[EventType "swiss"]
[EventRounds "9"]
[EventCountry "ESP"]
[Source "lmi"]
[SourceDate "2013.03.11"]

1. d4 Nf6 2. c4 g6 3. Nc3 Bg7 4. e4 d6 5. Nf3 O-O 6. Be2 e5 7. dxe5 dxe5 8.
Qxd8 Rxd8 9. Bg5 Re8 10. Nd5 Nxd5 11. cxd5 c6 12. Bc4 b5 13. Bb3 Bb7 14. Rd1
cxd5 15. Bxd5 Bxd5 16. Rxd5 a6 17. O-O f6 18. Be3 Nc6 19. Bc5 Rad8 20. Rfd1 Bf8
1/2-1/2

[Event "Madrid ch  2012-13 - Semifinal A"]
[Site "Madrid ESP"]
[Date "2013.04.02"]
[Round "8.3"]
[White "De La Puerta Cresis, Javier"]
[Black "Garcia Galeote, Lorenzo"]
[Result "1/2-1/2"]
[WhiteElo "2019"]
[BlackElo "1997"]
[PlyCount "86"]
[EventDate "2013.03.11"]
[EventType "swiss"]
[EventRounds "9"]
[EventCountry "ESP"]
[Source "lmi"]
[SourceDate "2013.03.11"]

1. d4 d5 2. Nf3 Bf5 3. c4 e6 4. g3 c6 5. Bg2 h6 6. O-O Nf6 7. Nc3 Bd6 8. b3 O-O
9. Bb2 Nbd7 10. Nd2 Rc8 11. e4 dxe4 12. Ndxe4 Be7 13. Re1 Nxe4 14. Nxe4 Nf6 15.
Nc5 Nd7 16. Nxd7 Qxd7 17. Qe2 Rfd8 18. Red1 Qe8 19. Rac1 Bf6 20. Rd2 Qe7 21.
Rcd1 Rd7 22. a3 Rcd8 23. b4 e5 24. d5 Bg5 25. f4 exf4 26. Qxe7 Bxe7 27. gxf4
cxd5 28. Rxd5 b6 29. Rxd7 Rxd7 30. Rxd7 Bxd7 31. Be5 a5 32. Bc7 axb4 33. axb4
Bxb4 34. Bxb6 Bd6 35. Be3 Kf8 36. Bb7 Ke7 37. Kf2 Kd8 38. c5 Kc7 39. Bd5 Bf8
40. Kg3 f6 41. Kh4 g5+ 42. Kh5 Be8+ 43. Kg4 Bd7+ 1/2-1/2

[Event "Madrid ch  2012-13 - Semifinal A"]
[Site "Madrid ESP"]
[Date "2013.04.02"]
[Round "8.4"]
[White "Nieto De La Cruz, Julio"]
[Black "Gomez Ferrer, Jesus"]
[Result "1-0"]
[WhiteElo "2111"]
[BlackElo "2001"]
[PlyCount "59"]
[EventDate "2013.03.11"]
[EventType "swiss"]
[EventRounds "9"]
[EventCountry "ESP"]
[Source "lmi"]
[SourceDate "2013.03.11"]

1. d4 Nf6 2. c4 c5 3. Nf3 e6 4. g3 cxd4 5. Nxd4 Qa5+ 6. Nd2 Ne4 7. N4b3 Qf5 8.
f3 Nxd2 9. Bxd2 Nc6 10. Bg2 a5 11. Bc3 a4 12. Nd2 Qc5 13. Ne4 Qe3 14. f4 d5 15.
cxd5 exd5 16. Qxd5 Bg4 17. Qc4 O-O-O 18. Nf2 Be6 19. Qxa4 Bc5 20. O-O Bd5 21.
Bxd5 Rxd5 22. Qa8+ Nb8 23. Be5 Kd7 24. Qxb7+ Ke6 25. Bxb8 Rhd8 26. Rac1 g5 27.
b4 Be7 28. Ba7 Qa3 29. f5+ Kf6 30. Ng4+ 1-0

[Event "Madrid ch  2012-13 - Semifinal A"]
[Site "Madrid ESP"]
[Date "2013.04.02"]
[Round "8.5"]
[White "Mansilla Tolosa, Luis"]
[Black "Gonzalez Perez, Pedro"]
[Result "1/2-1/2"]
[WhiteElo "2036"]
[BlackElo "2040"]
[PlyCount "34"]
[EventDate "2013.03.11"]
[EventType "swiss"]
[EventRounds "9"]
[EventCountry "ESP"]
[Source "lmi"]
[SourceDate "2013.03.11"]

1. d4 d5 2. Nf3 e6 3. g3 f5 4. Bg2 Nf6 5. O-O c6 6. c4 Bd6 7. Nc3 O-O 8. Qc2
Bd7 9. Rb1 Be8 10. cxd5 cxd5 11. Bf4 Nc6 12. Rfc1 Ne4 13. e3 Bxf4 14. gxf4 Bh5
15. Ne5 Nxe5 16. dxe5 Rc8 17. f3 Nxc3 1/2-1/2

[Event "Madrid ch  2012-13 - Semifinal A"]
[Site "Madrid ESP"]
[Date "2013.04.02"]
[Round "8.6"]
[White "Lopez Heras, Arturo"]
[Black "Martin Martin, Luis Vicente"]
[Result "1/2-1/2"]
[WhiteElo "1946"]
[BlackElo "2030"]
[PlyCount "45"]
[EventDate "2013.03.11"]
[EventType "swiss"]
[EventRounds "9"]
[EventCountry "ESP"]
[Source "lmi"]
[SourceDate "2013.03.11"]

1. e4 d5 2. exd5 Qxd5 3. Nc3 Qa5 4. d4 c6 5. Nf3 Nf6 6. Bc4 Bf5 7. O-O e6 8.
Bd2 Nbd7 9. Re1 Bb4 10. a3 Bxc3 11. Bxc3 Qc7 12. h3 O-O-O 13. Qe2 Ne4 14. Bb4
Nd6 15. Bb3 h6 16. c4 c5 17. Bd2 cxd4 18. Nxd4 Nc5 19. Nxf5 Nxb3 20. Nxd6+ Qxd6
21. Bb4 Qd3 22. Qxd3 Rxd3 23. Rad1 1/2-1/2

[Event "Madrid ch  2012-13 - Semifinal A"]
[Site "Madrid ESP"]
[Date "2013.04.02"]
[Round "8.7"]
[White "Pinel Mirasierra, Jose Pablo"]
[Black "Gonzalez Mateos, Rafael"]
[Result "1/2-1/2"]
[WhiteElo "1928"]
[BlackElo "2110"]
[PlyCount "52"]
[EventDate "2013.03.11"]
[EventType "swiss"]
[EventRounds "9"]
[EventCountry "ESP"]
[Source "lmi"]
[SourceDate "2013.03.11"]

1. d4 Nf6 2. Nf3 e6 3. e3 b6 4. Bd3 Bb7 5. O-O d5 6. b3 Bd6 7. Bb2 Nbd7 8. Nbd2
Ne4 9. Ne5 O-O 10. c4 Nxd2 11. Qxd2 Bxe5 12. dxe5 Nc5 13. Rad1 Nxd3 14. Qxd3
dxc4 15. Qxc4 Qg5 16. e4 c5 17. Rd7 Bc6 18. Rd6 Rac8 19. Qd3 b5 20. f3 a6 21.
Rd1 h6 22. Qd2 Qxd2 23. R1xd2 c4 24. bxc4 bxc4 25. Kf2 Bb7 26. Bc3 Bc6 1/2-1/2

[Event "Madrid ch  2012-13 - Semifinal A"]
[Site "Madrid ESP"]
[Date "2013.04.02"]
[Round "8.10"]
[White "Dierssen Garcia-Barredo, Guill"]
[Black "Lorenzo Bailador, Alfredo"]
[Result "1-0"]
[WhiteElo "1887"]
[BlackElo "2016"]
[PlyCount "59"]
[EventDate "2013.03.11"]
[EventType "swiss"]
[EventRounds "9"]
[EventCountry "ESP"]
[Source "lmi"]
[SourceDate "2013.03.11"]

1. d4 d5 2. c4 e6 3. Nc3 Be7 4. cxd5 exd5 5. Bf4 c6 6. e3 Bf5 7. g4 Bg6 8. h4
h6 9. Nf3 Nd7 10. Bd3 Bxd3 11. Qxd3 Ngf6 12. Rg1 Qa5 13. Nd2 Qb4 14. f3 a5 15.
Qc2 a4 16. a3 Qa5 17. Nf1 Nb6 18. Ng3 Nc4 19. g5 hxg5 20. hxg5 Ng8 21. g6 f6
22. Nf5 Bf8 23. Kf2 Qb6 24. Rab1 Qb3 25. Qe2 Ne7 26. e4 Nxf5 27. exf5+ Kd8 28.
Rge1 Bxa3 29. bxa3 Qxc3 30. Qe7+ 1-0

[Event "Madrid ch  2012-13 - Semifinal A"]
[Site "Madrid ESP"]
[Date "2013.04.02"]
[Round "8.11"]
[White "Santamaria Baeza, Adolfo"]
[Black "Perez Cameselle, Francisco"]
[Result "1-0"]
[WhiteElo "1891"]
[BlackElo "1875"]
[PlyCount "57"]
[EventDate "2013.03.11"]
[EventType "swiss"]
[EventRounds "9"]
[EventCountry "ESP"]
[Source "lmi"]
[SourceDate "2013.03.11"]

1. e4 g6 2. d4 d6 3. Nf3 Nf6 4. Nc3 Bg7 5. Bc4 Nxe4 6. Bxf7+ Kxf7 7. Nxe4 Rf8
8. c3 Kg8 9. Qb3+ Kh8 10. h4 d5 11. Nc5 b6 12. Nd3 Bf5 13. Nde5 e6 14. Bg5 Qe8
15. O-O-O Nc6 16. Nxc6 Qxc6 17. h5 Kg8 18. Rde1 a5 19. hxg6 hxg6 20. Bh6 a4 21.
Qb4 Qd6 22. Ne5 Bxe5 23. dxe5 Qxb4 24. cxb4 Rfc8 25. Bg5 c5 26. b5 Ra7 27. Bf6
Rcc7 28. Rh8+ Kf7 29. Bg5 1-0

[Event "Madrid ch  2012-13 - Semifinal A"]
[Site "Madrid ESP"]
[Date "2013.04.02"]
[Round "8.12"]
[White "Morera Rodriguez, Ignacio"]
[Black "Alvarez Abejon, Amilcar"]
[Result "0-1"]
[WhiteElo "1866"]
[BlackElo "2095"]
[PlyCount "88"]
[EventDate "2013.03.11"]
[EventType "swiss"]
[EventRounds "9"]
[EventCountry "ESP"]
[Source "lmi"]
[SourceDate "2013.03.11"]

1. d4 Nf6 2. c4 e6 3. Nf3 Bb4+ 4. Bd2 a5 5. g3 O-O 6. Bg2 d5 7. O-O dxc4 8. Ne5
Qxd4 9. Bxb4 Qxd1 10. Rxd1 axb4 11. Nxc4 Nc6 12. Nbd2 Nd5 13. Nb3 b6 14. e4 Nf6
15. e5 Nd5 16. Ne3 Nce7 17. Nc2 c5 18. Nd2 Bd7 19. Nc4 Ra7 20. Nd6 Rfa8 21. a3
Ba4 22. Rd2 Bxc2 23. Rxc2 bxa3 24. bxa3 Rxa3 25. Rb1 Ra1 26. Rcb2 Nc3 27. Rf1
Ned5 28. Rb3 R8a2 29. Rxa1 Rxa1+ 30. Bf1 Ra2 31. Nc8 Ne4 32. Nxb6 Nd2 33. Rb5
g6 34. Bc4 Ra1+ 35. Kg2 Nxb6 36. Bxe6 fxe6 37. Rxb6 Ra7 38. Rxe6 Rc7 39. Rd6
Ne4 40. Rd5 c4 41. e6 Kf8 42. Kf3 c3 43. Rd1 c2 44. Rc1 Nd2+ 0-1

[Event "Madrid ch  2012-13 - Semifinal A"]
[Site "Madrid ESP"]
[Date "2013.04.02"]
[Round "8.13"]
[White "Rosa Ramirez, Victor D"]
[Black "Cano Mercado, Francisco Manuel"]
[Result "1-0"]
[WhiteElo "1945"]
[BlackElo "1870"]
[PlyCount "81"]
[EventDate "2013.03.11"]
[EventType "swiss"]
[EventRounds "9"]
[EventCountry "ESP"]
[Source "lmi"]
[SourceDate "2013.03.11"]

1. e4 c6 2. d4 d5 3. e5 Bf5 4. Nc3 e6 5. g4 Bg6 6. Nge2 Nd7 7. h4 h6 8. Be3 Qb6
9. Nf4 Bh7 10. Na4 Qa5+ 11. c3 Qc7 12. b4 b6 13. Bd3 Bxd3 14. Qxd3 Ne7 15. Ke2
Qb7 16. g5 hxg5 17. hxg5 Rxh1 18. Rxh1 g6 19. Rh7 a5 20. b5 cxb5 21. Qxb5 Qc6
22. Qxc6 Nxc6 23. Nd3 Rc8 24. Rh8 Ne7 25. Bc1 Rc4 26. Ndb2 Rc6 27. Kd2 b5 28.
Nc5 Nxc5 29. dxc5 Rxc5 30. Nd3 Rc4 31. Ba3 d4 32. Bd6 dxc3+ 33. Kc2 b4 34. f3
Rd4 35. a3 bxa3 36. Bxa3 a4 37. Bd6 Rc4 38. Nf2 Rc8 39. Ne4 Kd7 40. Nf6+ Kc6
41. Bxe7 1-0

[Event "Madrid ch  2012-13 - Semifinal A"]
[Site "Madrid ESP"]
[Date "2013.04.03"]
[Round "9.2"]
[White "Lopez De Turiso, Jose Angel"]
[Black "Cortes Jurado, Rafael"]
[Result "0-1"]
[WhiteElo "2066"]
[BlackElo "2085"]
[PlyCount "133"]
[EventDate "2013.03.11"]
[EventType "swiss"]
[EventRounds "9"]
[EventCountry "ESP"]
[Source "lmi"]
[SourceDate "2013.03.11"]

1. e4 e5 2. Nf3 Nf6 3. Nc3 Nc6 4. Nxe5 Nxe5 5. d4 Ng6 6. e5 Ng8 7. Bc4 d5 8.
Bxd5 c6 9. Bb3 Be6 10. O-O N8e7 11. Ne4 Nf5 12. c3 Be7 13. g4 Nfh4 14. f4 Bxb3
15. axb3 Qd5 16. Qe1 O-O 17. f5 Nxe5 18. dxe5 Bc5+ 19. Kh1 Bb6 20. Bf4 Rad8 21.
Bg5 Qxe5 22. Bxh4 Rd3 23. Bg3 Qd5 24. c4 Qd4 25. Bf2 Qxb2 26. Bxb6 axb6 27. Rb1
Qd4 28. Nf2 Re3 29. Qd1 Qf4 30. Rb2 Rfe8 31. Rd2 h6 32. Rd4 Qe5 33. Rd8 Kh7 34.
Qd4 Rxd8 35. Qxd8 Rxb3 36. Qd2 Rb2 37. Qd3 f6 38. Kg2 Qf4 39. h3 Rd2 40. Qb3
Qe4+ 41. Kg3 Qe2 42. Kg2 Rb2 43. Qa4 Rc2 44. Qa7 Qxc4 45. Qxb6 Qe4+ 46. Kg1 Qf3
47. Qd4 Qg3+ 48. Kh1 Qf3+ 49. Kh2 c5 50. Qd7 Rxf2+ 51. Rxf2 Qxf2+ 52. Kh1 Qe1+
53. Kg2 Qe4+ 54. Kg3 Qe1+ 55. Kf3 Qc3+ 56. Kg2 b6 57. Qc6 Qb4 58. Qe8 Qb2+ 59.
Kf3 Qe5 60. Qb5 Qd5+ 61. Kg3 Qd6+ 62. Kf3 Qh2 63. Qxb6 Qxh3+ 64. Kf4 c4 65. Qe6
Qf1+ 66. Kg3 Qd3+ 67. Qe3 0-1

[Event "Madrid ch  2012-13 - Semifinal A"]
[Site "Madrid ESP"]
[Date "2013.04.03"]
[Round "9.3"]
[White "Gonzalez Perez, Pedro"]
[Black "De La Puerta Cresis, Javier"]
[Result "1/2-1/2"]
[WhiteElo "2040"]
[BlackElo "2019"]
[PlyCount "31"]
[EventDate "2013.03.11"]
[EventType "swiss"]
[EventRounds "9"]
[EventCountry "ESP"]
[Source "lmi"]
[SourceDate "2013.03.11"]

1. d4 Nf6 2. c4 c5 3. d5 d6 4. Nc3 g6 5. e4 Bg7 6. Bd3 O-O 7. Nge2 e6 8. O-O
exd5 9. cxd5 Re8 10. Ng3 Nbd7 11. h3 a6 12. a4 h5 13. Re1 Qc7 14. f4 c4 15. Bc2
Nc5 16. e5 1/2-1/2

[Event "Madrid ch  2012-13 - Semifinal A"]
[Site "Madrid ESP"]
[Date "2013.04.03"]
[Round "9.4"]
[White "Garcia Galeote, Lorenzo"]
[Black "Nieto De La Cruz, Julio"]
[Result "0-1"]
[WhiteElo "1997"]
[BlackElo "2111"]
[PlyCount "90"]
[EventDate "2013.03.11"]
[EventType "swiss"]
[EventRounds "9"]
[EventCountry "ESP"]
[Source "lmi"]
[SourceDate "2013.03.11"]

1. c4 g6 2. Nc3 Bg7 3. d4 d6 4. e4 e5 5. d5 f5 6. Bd3 Nf6 7. Bg5 c6 8. exf5
gxf5 9. Qc2 h6 10. Bd2 e4 11. Be2 Na6 12. Nh3 O-O 13. O-O Bd7 14. f3 cxd5 15.
cxd5 Qb6+ 16. Kh1 Rac8 17. Qc1 Kh7 18. Be3 Qa5 19. Qc2 Rfe8 20. Rae1 Nc7 21.
Nf4 b5 22. a3 b4 23. axb4 Qxb4 24. Bxa7 Nb5 25. Bg1 Nxc3 26. bxc3 Qxc3 27. Qxc3
Rxc3 28. Rc1 Rec8 29. Rxc3 Rxc3 30. Bd4 Rc2 31. Bd1 Rc1 32. Be3 Rb1 33. Kg1 Be8
34. Be2 Rxf1+ 35. Kxf1 Bf7 36. Bc4 Nd7 37. fxe4 fxe4 38. Ba2 Be5 39. Bb1 Nf6
40. Ke2 Kg7 41. g3 Bg8 42. h3 Bf7 43. g4 Nxd5 44. Nh5+ Bxh5 45. gxh5 Nc3+ 0-1

[Event "Madrid ch  2012-13 - Semifinal A"]
[Site "Madrid ESP"]
[Date "2013.04.03"]
[Round "9.7"]
[White "Gonzalez Mateos, Rafael"]
[Black "Santamaria Baeza, Adolfo"]
[Result "1-0"]
[WhiteElo "2110"]
[BlackElo "1891"]
[PlyCount "85"]
[EventDate "2013.03.11"]
[EventType "swiss"]
[EventRounds "9"]
[EventCountry "ESP"]
[Source "lmi"]
[SourceDate "2013.03.11"]

1. d4 Nf6 2. c3 c5 3. dxc5 Nc6 4. b4 e6 5. Bb2 g6 6. Nf3 Bg7 7. e3 a6 8. Nbd2
Nd5 9. Qb3 O-O 10. Bc4 Nde7 11. O-O b5 12. Be2 Nd5 13. a3 Bb7 14. Ne4 Qc7 15.
Nd6 Rfb8 16. Rfd1 Ne5 17. Nxb7 Rxb7 18. Nxe5 Bxe5 19. g3 Rd8 20. Bf3 Ne7 21.
Bxb7 Qxb7 22. Rd2 Qe4 23. Qc2 Qg4 24. Qd1 Qf5 25. Rc1 Nd5 26. Rxd5 exd5 27.
Qxd5 Qf6 28. Rd1 Bxc3 29. Bxc3 Qxc3 30. c6 Rc8 31. cxd7 Rd8 32. Qd6 Qc2 33. Rd4
Qc1+ 34. Kg2 h5 35. Re4 Qc2 36. Re8+ Kh7 37. h3 h4 38. gxh4 Qc4 39. Rxd8 Qxh4
40. Re8 Qg5+ 41. Qg3 Qd5+ 42. Kh2 Qxd7 43. Qh4+ 1-0

[Event "Madrid ch  2012-13 - Semifinal A"]
[Site "Madrid ESP"]
[Date "2013.04.03"]
[Round "9.8"]
[White "Alvarez Abejon, Amilcar"]
[Black "Dierssen Garcia-Barredo, Guill"]
[Result "1-0"]
[WhiteElo "2095"]
[BlackElo "1887"]
[PlyCount "77"]
[EventDate "2013.03.11"]
[EventType "swiss"]
[EventRounds "9"]
[EventCountry "ESP"]
[Source "lmi"]
[SourceDate "2013.03.11"]

1. d4 Nf6 2. c4 e6 3. Nc3 Bb4 4. Qc2 Nc6 5. Nf3 d6 6. Bg5 h6 7. Bd2 Qe7 8. a3
Bxc3 9. Bxc3 e5 10. d5 Nb8 11. e4 a5 12. b4 O-O 13. g3 Na6 14. Rb1 c6 15. dxc6
bxc6 16. Bg2 Bb7 17. Nh4 g6 18. O-O axb4 19. axb4 c5 20. b5 Nc7 21. f4 Nd7 22.
f5 Kh7 23. Rbd1 Nf6 24. Bf3 g5 25. Ng2 g4 26. Be2 h5 27. Bd3 Ng8 28. f6 Nxf6
29. Qf2 Nfe8 30. Qf5+ Kg8 31. Qxh5 Bc8 32. Bd2 Ng7 33. Qh6 Nce6 34. Nh4 Ra2 35.
Nf5 Nxf5 36. exf5 Rxd2 37. f6 Rg2+ 38. Kh1 Rxh2+ 39. Kxh2 1-0

[Event "Madrid ch  2012-13 - Semifinal A"]
[Site "Madrid ESP"]
[Date "2013.04.03"]
[Round "9.10"]
[White "Lorenzo Bailador, Alfredo"]
[Black "Rosa Ramirez, Victor D"]
[Result "0-1"]
[WhiteElo "2016"]
[BlackElo "1945"]
[PlyCount "56"]
[EventDate "2013.03.11"]
[EventType "swiss"]
[EventRounds "9"]
[EventCountry "ESP"]
[Source "lmi"]
[SourceDate "2013.03.11"]

1. e4 e6 2. d4 d5 3. Nd2 Be7 4. Ngf3 Nf6 5. e5 Nfd7 6. Be2 c5 7. c3 Nc6 8. Nf1
Qb6 9. Ng3 cxd4 10. cxd4 Bb4+ 11. Kf1 f6 12. exf6 Nxf6 13. Be3 Ng4 14. a3 Nxe3+
15. fxe3 Be7 16. Rb1 O-O 17. Qd3 Kh8 18. Qb5 Qd8 19. Rd1 Bd7 20. Qd3 e5 21.
dxe5 Nxe5 22. Qxd5 Nxf3 23. gxf3 Bh3+ 24. Kf2 Qb6 25. Qb5 Rxf3+ 26. Kxf3 Rf8+
27. Ke4 Bg2+ 28. Ke5 Qf6# 0-1

[Event "Madrid ch  2012-13 - Semifinal A"]
[Site "Madrid ESP"]
[Date "2013.04.03"]
[Round "9.11"]
[White "Perez Cameselle, Francisco"]
[Black "Morera Rodriguez, Ignacio"]
[Result "1-0"]
[WhiteElo "1875"]
[BlackElo "1866"]
[PlyCount "105"]
[EventDate "2013.03.11"]
[EventType "swiss"]
[EventRounds "9"]
[EventCountry "ESP"]
[Source "lmi"]
[SourceDate "2013.03.11"]

1. Nf3 Nf6 2. g3 g6 3. Bg2 Bg7 4. O-O O-O 5. d3 d5 6. Nbd2 c6 7. e4 dxe4 8.
dxe4 Be6 9. Ng5 Bg4 10. f3 Bd7 11. Nh3 Na6 12. Qe2 Qb6+ 13. Kh1 Rad8 14. Nc4
Qc7 15. Bd2 Qc8 16. Nf2 b5 17. Ne3 Ne8 18. c3 Nd6 19. Rfd1 Be6 20. f4 Nc4 21.
Nxc4 Bxc4 22. Qe3 c5 23. b3 Be6 24. Rac1 c4 25. b4 Qc7 26. Be1 Nb8 27. e5 a5
28. a3 Nd7 29. Ne4 Bh6 30. Qf2 axb4 31. axb4 f6 32. exf6 exf6 33. Nd6 Qb8 34.
Qe2 Bf7 35. Nxf7 Rxf7 36. Bd5 Re8 37. Qd2 Ree7 38. Bf2 Kg7 39. Bxf7 Rxf7 40.
Qd6 Qa8+ 41. Qd5 Qa2 42. Bd4 Qb2 43. Qxb5 Qe2 44. Re1 Qf3+ 45. Kg1 Bxf4 46.
gxf4 Qg4+ 47. Kf1 Qf3+ 48. Bf2 Qh1+ 49. Ke2 Qe4+ 50. Be3 Qg2+ 51. Kd1 Nf8 52.
Qxc4 Ra7 53. Bd4 1-0